000 00396nam a2200145Ia 4500
008 220217s9999||||xx |||||||||||||| ||und||
020 _a81-7808-547-X
082 _a004.21 COA
100 _aCoad, Peter Yourdon, Edward
_93372
245 0 _aObject oriented analysis
250 _a2nd
260 _aPearson education asia
_bDelhi
_c2001
300 _b175
650 _aCOMPUTER ARCHITECTURE
999 _c171518
_d171518